[Event "Florence op 13th"]
[Site "Florence"]
[Date "2005.12.11"]
[Round "6"]
[White "Moncada, Cesar"]
[Black "Caporali, Roberto"]
[Result "1-0"]
[WhiteElo "1882"]
[BlackElo "1652"]
[PlyCount "82"]
[EventDate "2005.12.03"]
[EventType "swiss"]
[EventRounds "6"]
[EventCountry "ITA"]
[SourceTitle "EXT 2007"]
[Source "ChessBase"]
[SourceDate "2006.11.23"]
[SourceVersion "1"]
[SourceVersionDate "2006.11.23"]
[SourceQuality "1"]

1. d4 e6 2. Nf3 c6 3. g3 d5 4. Bg2 f5 5. 0-0 Nf6 6. b3 Be7 7. Nbd2 0-0 8. c4 Nbd7 9. Ng5 Nb8 10. Ndf3 Ne4 11. Nh3 Nd7 12. Ne1 b6 13. Nd3 Bf6 14. Nhf4 Qe8 15. cxd5 cxd5 16. Bb2 g5 17. Nh3 Qg6 18. f3 Nd6 19. Ne5 Qg7 20. f4 g4 21. Nf2 Ba6 22. Ba3 Qe7 23. Qd2 Rfd8 24. Rfc1 Nf8 25. Nc6 Qg7 26. Nxd8 Rxd8 27. e3 h5 28. Rc6 Be7 29. Qc2 Bb5 30. Rc7 a6 31. Rc1 Bd7 32. Nd3 h4 33. Ne5 hxg3 34. hxg3 Be8 35. Nc6 Bxc6 36. Qxc6 Qf6 37. Qxb6 Ng6 38. R1c6 Qf8 39. Rxe7 Nxe7 40. Rxd6 Rc8 41. Rxe6 Rb8 1-0

[Event "Florence op 13th"]
[Site "Florence"]
[Date "2005.12.04"]
[Round "2"]
[White "Tocchioni, Doriano"]
[Black "Caporali, Roberto"]
[Result "1-0"]
[WhiteElo "2257"]
[BlackElo "1652"]
[PlyCount "67"]
[EventDate "2005.12.03"]
[EventType "swiss"]
[EventRounds "6"]
[EventCountry "ITA"]
[SourceTitle "EXT 2007"]
[Source "ChessBase"]
[SourceDate "2006.11.23"]
[SourceVersion "1"]
[SourceVersionDate "2006.11.23"]
[SourceQuality "1"]

1. d4 f5 2. Bg5 h6 3. Bh4 d5 4. e4 g6 5. exf5 Bxf5 6. g4 Be6 7. Bd3 g5 8. Bg3 Bg7 9. Bg6+ Bf7 10. Qd3 Qd7 11. Bxf7+ Kxf7 12. Nf3 Nc6 13. Nc3 Qe6+ 14. Ne5+ Bxe5 15. dxe5 Nxe5 16. Qxd5 Nxg4+ 17. Qxe6+ Kxe6 18. 0-0-0 c6 19. Rhe1+ Kf7 20. Rd7 b6 21. Rc7 c5 22. Nd5 Rh7 23. Nxe7 N4f6 24. a4 Nxe7 25. Rexe7+ Kg6 26. Rxh7 Nxh7 27. a5 g4 28. axb6 axb6 29. Rc6+ Kh5 30. Rxb6 Ng5 31. Bf4 Rf8 32. Be3 Rf5 33. Rc6 Re5 34. Rxc5 1-0